|
|
|
|
| LEADER |
00000nam0a2200000 4500 |
| 001 |
13047 |
| 005 |
20231030184742.0 |
| 010 |
|
|
|a 5852940887
|
| 035 |
|
|
|a (RuTPU)RU\TPU\book\13128
|
| 035 |
|
|
|a BOOK00000063
|
| 090 |
|
|
|a 13047
|
| 100 |
|
|
|a 20011209d1999 m y0rusy50 ca
|
| 101 |
0 |
|
|a rus
|
| 102 |
|
|
|a RU
|
| 105 |
|
|
|a y j 000zy
|
| 200 |
1 |
|
|a Основы стандартизации, метрологии, сертификации
|e учебник
|f И. М. Лифиц
|
| 210 |
|
|
|a Москва
|c Юрайт
|d 1999
|
| 215 |
|
|
|a 283 с.
|
| 451 |
|
1 |
|0 (RuTPU)RU\TPU\book\15075
|y 5-85294-088-7
|t Основы стандартизации, метрологии, сертификации
|o учебник
|f И. М. Лифиц
|c М.
|n Юрайт
|d 2000
|p 285 с.
|a Лифиц, Иосиф Моисеевич
|
| 610 |
1 |
|
|a стандартизация
|
| 610 |
1 |
|
|a метрология
|
| 610 |
1 |
|
|a сертификация
|
| 610 |
1 |
|
|a учебные пособия
|
| 675 |
|
|
|a 658.516(075.8)
|v 3
|
| 700 |
|
1 |
|a Лифиц
|b И. М.
|g Иосиф Моисеевич
|
| 801 |
|
0 |
|a RU
|b 63413507
|c 20011209
|g PSBO
|
| 801 |
|
2 |
|a RU
|b 63413507
|c 20090727
|g PSBO
|
| 942 |
|
|
|c BK
|